000 01235nam a22002537a 4500
001 2422
003 FISKH
005 20231205142410.0
008 231205b cb ||||| |||| 00| 0 eng d
020 _a9780008278762
040 _aFISKH
_beng
_cFISKH
_dFISKH
050 _aPR6029.R25
082 _a823.912
100 _aOrczy, Baroness
245 _aThe scarlet pimpernel /
_cBaroness Orczy
250 _aThis William Collins paperback edition published in Great Britain in 2018
260 _aLondon :
_bWilliam Collins,
_c2008
300 _a316 pages :
_c18 cm
520 _aDuring the French Revolution a secret society of English gentlemen is formed by the enigmatic Scarlet Pimpernel, to rescue their fellow French nobility. Marguerite's brother is threatened by a Frenchman, who demands information on the Scarlet Pimpernel in return for her brother's safety. Marguerite makes the exchange only to discover that her boring fop of a husband is the Pimpernel himself! She follows him to France and so each proves themselves to the other what they really are.
521 8 _a1140
_bLexile
650 _aLife and time
_vHistorical fiction
650 _aGlossary of Classic
_vHistorical fiction
942 _2ddc
_cBK
_n0
999 _c2422
_d2422